| 000 | 00915cab a22002415a 4500 | ||
|---|---|---|---|
| 001 | L150511 | ||
| 008 | 100721e20100715xxk f v 000 0 eng u | ||
| 035 | _a(Sirsi) u150511 | ||
| 041 | 0 | _aeng | |
| 100 | 1 | _aJones, Andrew | |
| 245 | 0 | 0 |
_aAfter liquidation _bwhat next? |
| 260 | _c2010 | ||
| 490 | 0 |
_aConstruction News _v(7176) 15 July 2010, 34-35(2) |
|
| 520 | _aSecond part of an explanation of liquidation negotiations including multiple contracts, binding contract, regulations, Consumer Code for Home Builders. | ||
| 590 | _aKA | ||
| 651 | 4 |
_aEngland and Wales _y1543- |
|
| 690 | _aMANAGEMENT-DISPUTE AVOIDANCE, MANAGEMENT AND RESOLUTION-DISPUTE MANAGEMENT AND RESOLUTION-ALTERNATIVE DISPUTE RESOLUTION-ADJUDICATION | ||
| 690 | _aBUILT ENVIRONMENT-CONSTRUCTION MANAGEMENT-BUILDING CONTRACT ADMINISTRATION | ||
| 700 | 1 | _aFielden, James | |
| 700 | 1 | _aDuncan, Tom | |
| 700 | 1 | _aKelly, Ros | |
| 942 | _n0 | ||
| 999 |
_c82538 _d82538 |
||